Sarajevo /
Saved in:
| Main Author: | |
|---|---|
| Other Authors: | , |
| Format: | Electronic eBook |
| Language: | Spanish Croatian |
| Published: |
Granada [Spain] :
Valparaíso Ediciones,
[2013]
|
| Series: | Colección de poesía (Valparaíso Ediciones) ;
no. 11. |
| Subjects: | |
| Online Access: | Digitalia Hispánica |
| Tags: |
Add Tag
No Tags, Be the first to tag this record!
|
MARC
| LEADER | 00000nam a2200000Ii 4500 | ||
|---|---|---|---|
| 001 | DIGVALPA0010 | ||
| 003 | NyNyDIG | ||
| 008 | 210416s2013 sp o 000 p spa d | ||
| 006 | m o d | ||
| 007 | cr ||||||||||| | ||
| 035 | |a (OCoLC)1282640523 | ||
| 040 | |a DGITA |b eng |e rda |e pn |c DGITA | ||
| 020 | |z 9788494000997 | ||
| 020 | |z 8494000993 | ||
| 041 | 1 | |a spa |h scr | |
| 050 | 1 | 4 | |a PG1419.29.A8 ebook |
| 082 | 0 | 4 | |a 891.8215 |
| 100 | 1 | |a Sarajlić, Izet, |e author. | |
| 240 | 1 | 0 | |a Sarajevo. |l Spanish |s (Valverde) |
| 245 | 1 | 0 | |a Sarajevo / |c Izet Sarajlić ; selección y prólogo de Fernando Valverde; traducción de Fernando Valverde con la colaboración de Sinan Gudžević. |
| 264 | 1 | |a Granada [Spain] : |b Valparaíso Ediciones, |c [2013] | |
| 300 | |a 1 online resource. | ||
| 336 | |a text |b txt |2 rdacontent | ||
| 337 | |a computer |b c |2 rdamedia | ||
| 338 | |a online resource |b cr |2 rdacarrier | ||
| 347 | |a text file |2 rdaft | ||
| 347 | |b PDF | ||
| 490 | 1 | |a Número 11 de la Colección Valparaíso de poesía | |
| 588 | 0 | |a Online resource; title from PDF title page (Digitalia, viewed April 18, 2021)Yugoslav War, 1991-1995--Bosnia and Herzegovina--Sarajevo--Poetry. | |
| 655 | 7 | |a Poetry. |2 lcgft | |
| 655 | 0 | |a Electronic books. | |
| 700 | 1 | |a Valverde, Fernando, |d 1980- |e editor, |e translator. | |
| 700 | 1 | |a Gudžević, Sinan, |d 1954- |e translator. | |
| 700 | 1 | 2 | |i Container of (expression): |a Sarajlić, Izet. |t Poems. |k Selections. |l Spanish. |s (Valverde) |
| 791 | 2 | |a Digitalia (Firm), |e distributor. | |
| 793 | 0 | |g Digitalia eBook Collection: |a Valparaiso Ediciones | |
| 776 | 0 | 8 | |i Print version: |a Sarajlić, Izet. |t Sarajevo. |b Primera edición. |d Granada [Spain] : Valparaíso Ediciones, 2013 |z 9788494000997 |
| 830 | 0 | |a Colección de poesía (Valparaíso Ediciones) ; |v no. 11. | |
| 856 | 4 | 0 | |3 Digitalia Hispánica |u https://digitalia.unach.elogim.com/a/63686/ |
| 910 | |a Premium collection: 2021 | ||